| 000 | 00694nam a2200265Ia 4500 | ||
|---|---|---|---|
| 003 | OSt | ||
| 005 | 20220912150741.0 | ||
| 006 | a|||||r|||| 00| 0 | ||
| 007 | ta | ||
| 008 | 220909b |||||||| |||| 00| 0 eng d | ||
| 024 | _a44481 | ||
| 037 | _cTextual | ||
| 040 |
_aCSL _beng _cCSL |
||
| 041 | _aeng | ||
| 082 | _aE:(CNI), L8 | ||
| 100 | _aCarbo Raman | ||
| 245 | 0 | _aGeneral SCF theory | |
| 260 |
_aBerlin _bSpringer-Verlag _c1978 |
||
| 300 |
_axii,208p. _ccm. |
||
| 490 | _aLecture Notes in Chemistry; 5 | ||
| 650 | _aQuantum chemistry | ||
| 700 | _a Riera Jesop M | ||
| 942 |
_hE:(CNI), L8 _cTEXL _2CC |
||
| 999 |
_c54118 _d54118 |
||